| 000 | 01150 a2200301 4500 | ||
|---|---|---|---|
| 003 | OSt | ||
| 005 | 20180116192326.0 | ||
| 008 | 120229t xxu||||| |||| 00| 0 eng d | ||
| 010 | _a 2009002968 | ||
| 020 | _a9781844078332 (hbk.) | ||
| 020 | _a1844078337 (hbk.) | ||
| 020 | _a9781844075232 (pbk.) | ||
| 020 | _a1844075230 (pbk.) | ||
| 035 | _a(OCoLC)ocn228374320 | ||
| 040 | _c0 | ||
| 082 | 0 | 0 | _a720.47 |
| 100 | 1 |
_aBokalders, Varis, _9317 |
|
| 245 | 1 | 4 |
_aThe whole building handbook : _bhow to design healthy, efficient and sustainable buildings / _cVaris Bokalders and Maria Block. |
| 260 |
_aLondon ; _aSterling, VA : _bEarthscan, _c2010. |
||
| 300 |
_axii, 689 p. : _bill. (some col.), maps, plans ; _c25 cm. |
||
| 500 | _aOriginally published: Byggekologi. Stockholm : Svensk byggtjèanst, 2004. | ||
| 650 | 0 |
_aSustainable architecture. _9318 |
|
| 650 | 0 |
_aSustainable buildings _xDesign and construction. _9319 |
|
| 700 | 1 |
_aBlock, Maria. _9320 |
|
| 942 |
_aSADA _cBK _k720. 47 BOK 2010 _2ddc |
||
| 999 |
_c352196 _d352196 |
||